| 000 | 00364 a2200157 4500 | ||
|---|---|---|---|
| 001 | 11535 | ||
| 020 | _a9788526008939 | ||
| 040 | _cAnchieta - Aquarius | ||
| 100 | _aMachado, Ana Maria | ||
| 240 | 1 | 0 |
_aMeu reino por um cavalo _lpor |
| 245 | 1 | 0 | _aMeu reino por um cavalo |
| 300 | _a23 p. | ||
| 362 | 0 | _a2004 | |
| 650 | 4 | _aLiteratura infanto-juvenil | |
| 942 | _cBK | ||
| 999 |
_c11535 _d11535 |
||